| 000 | 00744nam a2200229 4500 | ||
|---|---|---|---|
| 005 | 20251003134202.0 | ||
| 020 |
_a0321449568 _cTZS 100395/= |
||
| 040 |
_aMCCL. _beng. _eAACR 2nd rev.ed. |
||
| 082 | _a658.1599 EIT | ||
| 100 | _aEiteman, David K. | ||
| 245 |
_amultinational business finance. _c/ David K. Eiteman, Arthur I. Stonehill, Michael H. Moffett and Alok Pandey |
||
| 250 | _a11th ed. | ||
| 260 |
_aBoston : _bPearson education, _cc2007. |
||
| 300 |
_axxi, 746p. : _bill. ; _c24 cm |
||
| 504 | _aIncludes bibliographical references and index | ||
| 546 | _aeng. | ||
| 650 | _aGlobal financial environment | ||
| 650 | _aManaging multinational operations | ||
| 650 | _abusiness. | ||
| 700 | _aStonehill, Arthur I. | ||
| 942 | _cBK | ||
| 999 |
_c11733 _d11733 |
||